Communication skills (Record no. 9657)

MARC details
000 -LEADER
fixed length control field 00463cam a2200193ua 4500
001 - CONTROL NUMBER
control field 10696
005 - DATE AND TIME OF LATEST TRANSACTION
control field 20260515114642.0
008 - FIXED-LENGTH DATA ELEMENTS--GENERAL INFORMATION
fixed length control field 190327n ii |||gr||||Z||||||eng
020 ## - INTERNATIONAL STANDARD BOOK NUMBER
International Standard Book Number 9789384303037
040 ## - CATALOGING SOURCE
Transcribing agency MAIN
082 ## - DEWEY DECIMAL CLASSIFICATION NUMBER
Classification number 425
100 ## - MAIN ENTRY--PERSONAL NAME
Personal name Amlanjyoti Sengupta,
Relator term Author.
245 ## - TITLE STATEMENT
Title Communication skills
250 ## - EDITION STATEMENT
Edition statement 1st ed.
260 ## - PUBLICATION, DISTRIBUTION, ETC.
Place of publication, distribution, etc. Dibrugarh:
Name of publisher, distributor, etc. Kangan stationery stores,
Date of publication, distribution, etc. 2014.
300 ## - PHYSICAL DESCRIPTION
Extent 167p.
653 ## - INDEX TERM--UNCONTROLLED
Uncontrolled term English grammar
942 ## - ADDED ENTRY ELEMENTS (KOHA)
Koha item type Books
Holdings
Withdrawn status Lost status Damaged status Not for loan Home library Current library Shelving location Date acquired Total checkouts Full call number Barcode Date last seen Copy number Price effective from Koha item type
        Naharkatiya College Library Naharkatiya College Library General stacks 09/19/2020   425Communication skills | SEN 25323 09/19/2020 1 09/19/2020 Books